000 00585nam a2200181Ia 4500
008 100920s9999 xx 000 0 und d
082 _b36555
_a491.462 थ 75
100 _aकालेलकर मधुसूदन.
245 _aतो राजहंस एक.
260 _bह.रा. महाजनी प्रकाशन , मुंबई.
_c1975
300 _a92
_bसाधी
365 _b8
520 _aनाटक.
630 _aतो राजहंस एक.
650 _aनाटक.
730 _aतो राजहंस एक.
942 _cBOOK
999 _c689580
_d689577